| 000 | 01499nam a22001577a 4500 | ||
|---|---|---|---|
| 999 |
_c521355 _d521355 |
||
| 008 | 230127b ||||| |||| 00| 0 eng d | ||
| 100 |
_aBhushan, Vani _936978 |
||
| 245 | _aEffects of divorce on children: A review of socio-economic, legal and policy aspects | ||
| 260 | _aBihar Journal of Public Administration | ||
| 300 | _a19(1), Jan-Jun, 2022: p.189-198 | ||
| 520 | _aThe phenomenon of divorce has adverse impact of society and family in which the children are the worst sufferers. They are victims of parental conflict, financial instability and economic hardship, deficits in parenting time and attention, and the loss of a relationship with the non residential parent. Although state has no definite policy for the protection of the rights and interests of the children of divorced couple, yet there are laws that come to their rescue. As such the purpose of the present study is to investigate the causes of divorce and its negatives impacts on the children of the divorcees. It further intends to examine the legal provisions available for protection of the interest of such children. This analysis suggests that strategies that seek to mitigate the harmful effects of divorce on children should focus on making of appropriate public policies for ensuring them with state protection. – Reproduced | ||
| 650 |
_aDivorce, Children, Adverse impacts, Public policy, Family laws, India. _935099 |
||
| 773 | _aBihar Journal of Public Administration | ||
| 906 | _aDIVORCE | ||
| 942 | _cAR | ||